| 000 | 00341nam a2200133Ia 4500 | ||
|---|---|---|---|
| 008 | 240624s9999 xx 000 0 und d | ||
| 041 | _aeng | ||
| 082 | _a658.4092 RAD | ||
| 100 | _aRADJOU NAVI | ||
| 245 | _aJUGAAD INNOVATION A FRUGAL AND FLEXIBLE | ||
| 260 |
_c2012 _aNew Delhi _bRandom House India |
||
| 300 | _a336 : p. | ||
| 365 |
_cRS _b25 |
||
| 999 |
_c19253 _d19253 |
||